| 000 | 00734nam a22002297a 4500 | ||
|---|---|---|---|
| 999 |
_c15169 _d15169 |
||
| 003 | AR-CdUCM | ||
| 008 | 190222b ||||| |||| 00| 0 spa d | ||
| 020 | _a8470760343 | ||
| 040 |
_aMUNICIPALIDAD PROVINCIAL DEL CUSCO _cBIBLIOTECA MUNICIPAL DEL CUSCO |
||
| 082 |
_aES / 858.8 / _bSA18 |
||
| 100 |
_aSalgari, Emilio _9800 |
||
| 245 | _aCabeza de Piedra / | ||
| 260 |
_aBarcelona : _bMolino, _c1961. |
||
| 300 |
_a156 paginas ; _b7 Ilustraciones. _c20 cm. |
||
| 505 | _aUn caƱonazo a tiempo -- El valor Americano -- Las cuatro ejecuciones -- La escuadra fantasma... | ||
| 650 |
_aHombre _9838 |
||
| 650 |
_aCorsario _9839 |
||
| 650 |
_aCuerpo _9840 |
||
| 650 |
_aFuerte _9841 |
||
| 942 |
_2ddc _cLIBROS |
||
| 945 |
_apjha _d2019-04-26 |
||